1237 1268 1449 1102 1514 1708 1280 1527 1827 1293 1291 1195 1233 1575 1419 1620 1984 1842 1840 1738 1217 1629 1710 1191 1063 1171 1852 1103 1946 1783 1919 1021 1291 1335 1807 1485 1518 1521 1270 1765 1197 1689 1302 1134 1471 1612 1320 1292 1496 1742 1700 1327 1341 1445 1560 1945 1145 1806 1426 1696 1858 1286 1941 1788 1205 1740 1757 1122 1915 1709 1777 1231 1287 1370 1977 1610 1373 1011 1474 1751 1329 1584 1558 1183 1273 1947 1546 1973 1214 1546 1408 1025 1052 1096 1836 1206 1338 1251 1497 BCNSPRNW ULIB Ver.6.0+V

เปลี่ยนเป็นภาษาไทย

Change to English
 แสดงรายละเอียดบรรณานุกรม
  กลับหน้าหลัก

Brief Record : Get Marc (ISO 2709) : E-mail record : QR code < ปิดหน้าต่าง
LEADER : 00000nam 2200000uu 4500
001    13399107932
003     ULIB
008    110210s2542||||th 000 0 tha d
020    9746570382
060 04 WQ200^bก172บ 2542
100 0  กรรณิการ์ กันธะรักษา
245 10 แบบเรียนด้วยตนเองเรื่องการตรวจครรภ์ /^cกรรณิการ์กันธะรักษา
246 30 การตรวจครรภ์
250    พิมพ์ครั้งที่ 1
260    เชียงใหม่ :^bโครงการตำรา คณะพยาบาลศาสตร์มหาวิทยาลัยเชียงใหม่,^c2542
300    71 หน้า :^bภาพประกอบ ;^c30 ซม.
650  7 การพยาบาลสูติศาสตร์^xบทเรียนแบบโปรแกรม
650  7 ครรภ์^xบทเรียนแบบโปรแกรม
710 2  มหาวิทยาลัยเชียงใหม่. ^bคณะพยาบาลศาสตร์. ^bโครงการตำรา
945    ^p0^l0^i012494
945    ^p0^l0^i012492
945    ^p0^l0^i012490
945    ^p0^l0^i013345
945    ^p0^l0^i012493
945    ^p0^l0^i012491
945    ^p0^l0^i012489
995    ทศพร
999 ^a ใช้งานได้ทุกระบบ
รายการนี้ยังไม่มีแท็ก
คุณยังไม่ได้ล็อกอิน คุณสามารถมีกิจกรรมร่วมกับเว็บไซต์ได้ แต่ต้องล็อกอินก่อน ::
  ล็อกอิน

รายการสื่อสารสนเทศ

ลำดับที่ ประเภท เลขเรียก/บาร์โค้ด สถานที่ สถานะ
- ไม่พบข้อมูล -

BibComment


ยังไม่เคยถูกคอมเมนท์

คอมเมนท์ทรัพยากรรายการนี้
  คอมเมนท์: แบบเรียนด้วยตนเอง..


 Copyright 2026. Bcnsprnw @Library